| 000 | 01043cam a22003137a 4500 | ||
|---|---|---|---|
| 020 | _a9241546271 (pbk.) | ||
| 040 | _cEQO | ||
| 082 | 0 | 0 | _a633 WHO 2003 A053 Or. |
| 110 | 2 | _aWorld Health Organization. | |
| 245 | 1 | 0 | _aWHO guidelines on good agricultural and collection practices [GACP] for medicinal plants / |
| 246 | 3 | 0 | _aWorld Health Organization guidelines on good agricultural and collection practices [GACP] for medicinal plants |
| 246 | 3 | _aWHO guidelines on GACP for medicinal plants | |
| 260 |
_aGeneva : _bWHO, _c2003. |
||
| 300 |
_avi, 72 p. ; _c30 cm. |
||
| 650 | 0 | _aMedicinal plants. | |
| 650 | 1 | 2 | _aPlants, Medicinal. |
| 650 | 1 | 2 | _aAgriculture |
| 650 | 2 | 2 | _aDrug Contamination |
| 650 | 2 | 2 | _aConservation of Natural Resources |
| 650 | 2 | 2 | _aQuality Control. |
| 650 | 2 | 2 | _aMateria Medica |
| 650 | 7 | _aPLANTAS MEDICINALES. | |
| 650 | 7 | _aBOTANICA MEDICA. | |
| 650 | 7 | _aAGRICULTURA | |
| 650 | 7 | _aCONCERVACION DE LOS RECURSOS NATURALES | |
| 650 | 7 | _aCONTROL DE CALIDAD. | |
| 650 | 7 | _aMATERIA MEDICA | |
| 942 | _cEK | ||
| 999 |
_c14998 _d14998 |
||